Štátny podnik Želba chce znovu otvoriť unikátne zakonzervované ložisko polymetalických rúd v Rožňave
| Format: | Article |
|---|---|
| Language: | Slovak |
| Subjects: |
MARC
| LEADER | 00000nab a2200000 a 4500 | ||
|---|---|---|---|
| 001 | vtls000924939 | ||
| 003 | SK-MaSNL | ||
| 005 | 20260303033607.0 | ||
| 008 | 040720e19960131xo 0 slo | ||
| 035 | |a KE33816 | ||
| 040 | |a KEVKJB |b slo |c KEVKJB |e AACR2 | ||
| 041 | 0 | |a slo | |
| 044 | |a xo |c SK | ||
| 080 | |a 622 |2 1981 | ||
| 245 | 0 | 0 | |a Štátny podnik Želba chce znovu otvoriť unikátne zakonzervované ložisko polymetalických rúd v Rožňave |
| 610 | 2 | 7 | |a Želba (Spišská Nová Ves, Slovensko) |2 KEVKJB |9 31409 |
| 773 | 0 | 8 | |t Národná obroda |g Roč. 7 |g Roč. 28, č.25, 31.1.1996, s. 5 |
| 852 | |a ZVYKNI |b KIS3GCP | ||
| 999 | |c 1670713 |d 1672643 | ||


